| 000 | 00484nam a2200169Ia 4500 | ||
|---|---|---|---|
| 008 | 150121s9999 xx 000 0 und d | ||
| 020 | _a2244-6362 | ||
| 245 |
_aANTORCHA / _h[electronic resource] |
||
| 260 |
_bColegio de San Juan de Letran, _c2014. |
||
| 516 | _aElectronic text | ||
| 650 | _aEducation. | ||
| 650 | _aPsychology. | ||
| 650 | _aSocial Sciences. | ||
| 830 | _aPhilippine E-Journals | ||
| 856 | _uhttp://www.ejournals.ph/index.php?journal=ANTORCHA | ||
| 942 | _cEJ | ||
| 999 |
_c276982 _d276982 |
||